000 00481nam a2200181Ia 4500
001 8970
005 20260306160649.0
008 260306t2012||||xx |||||||||||||| ||spa||
041 _aESP
082 _a372.21
_bR79
100 _aRolandi, Ana María
_eAUT
245 0 _aTIC y educación inicial:
_bdesafios de una práctica digital en el jardín de infantes
260 _c2012
300 _a176 páginas :
_c21 cm.
650 _aGEN
654 _aCED
942 _cLIB
_dJUS
_fJUS
_2ddc
_n
999 _c8970
_d8970